Equipes de premier league 2022-2023 - Statistiques

Statistiques générales
  • Ce quiz a été pris 1 659 fois
  • Le résultat moyen est 14 sur 20
Statistiques - réponses
Championnat club % Correct
premier League Manchester City
100%
premier League Manchester United
99%
premier League Liverpool
97%
premier League Arsenal
95%
premier League Chelsea
95%
premier League Tottenham
86%
premier League Aston Villa
79%
premier League West Ham
73%
premier League Leicester
71%
premier League Newcastle
70%
premier League Everton
68%
premier League Brighton
66%
premier League Wolverhampton
66%
premier League Crystal Palace
60%
premier League Nottingham Forest
60%
premier League Leeds
58%
premier League Brentford
54%
premier League fulham
54%
premier League Southampton
52%
premier League Bournemouth
46%
Aucun quiz correspondant
Distribution des résultats
% des personnes avec chaque résultat
Percentile par nombre de réponses
Votre historique - résultats
Vous n’avez pas pris ce quiz